| 000 | 00517cam a2200193ua 4500 | ||
|---|---|---|---|
| 020 | _c31.50 | ||
| 041 |
_aeng _h |
||
| 082 |
_a510.062 _bSHA/AD |
||
| 100 | _aSharma, G S . | ||
| 245 |
_aAdvanced mathematics for engineers and scientists, Vol 2 / _cG S Sharma. _hTextual Documents |
||
| 260 |
_aNew Delhi : _bC B S Publishers & Distributers , _c1985. |
||
| 300 | _a ; . | ||
| 365 | _a31.50 | ||
| 504 | _a | ||
| 700 | 1 | _aAhuja, K L . | |
| 700 | 1 | _aSarma, I J S . | |
| 942 | _cBK | ||
| 999 |
_c10034 _d10034 |
||